Countries That End in E - Statistics

General Stats
  • This quiz has been taken 47 times
  • The average score is 10 of 13
Answer Stats
Continent Country % Correct
South America Chile
93%
Europe France
88%
South America Suriname
88%
North America Belize
80%
Europe Greece
80%
Africa Zimbabwe
78%
Africa Mozambique
70%
Asia Singapore
70%
Europe Ukraine
70%
Africa Cape Verde
68%
Africa São Tomé and Principe
68%
Africa Sierra Leone
65%
Asia Timor-Leste
45%
No matching quizzes found
Score Distribution
Percent of People with Each Score
Percentile by Number Answered
Your Score History
You have not taken this quiz